[Event "Montreal Mercredi 11"]
[Site "Montreal"]
[Date "2016.12.14"]
[Round "5"]
[White "Robidoux, Julien"]
[Black "Lamarche, Michel"]
[Result "1-0"]
[WhiteElo "1895"]
[BlackElo "1906"]
[PlyCount "54"]
[EventDate "2016.11.16"]
[EventType "swiss"]
[EventRounds "5"]
[EventCountry "CAN"]
[SourceTitle "EXT 2022"]
[Source "ChessBase"]
[SourceDate "2021.10.06"]
[SourceVersion "1"]
[SourceVersionDate "2021.10.06"]
[SourceQuality "1"]

1. e3 c5 2. b3 e5 3. Bb2 Nc6 4. Be2 Nf6 5. d3 d5 6. g4 Be6 7. Nd2 Bd6 8. Bf3 Nd7 9. Ne2 Qh4 10. Ng3 Ne7 11. c4 0-0 12. cxd5 Nxd5 13. Bxd5 Bxd5 14. e4 Be6 15. Nc4 Bxg4 16. f3 Bc7 17. fxg4 b5 18. Ne3 Ba5+ 19. Kf2 g6 20. Kg2 Bd8 21. Rf1 Bg5 22. Nd5 f6 23. Bc1 Rf7 24. Bxg5 Qxg5 25. Rc1 h5 26. gxh5 f5 27. hxg6 Qxg6 1-0

[Event "Montreal Mercredi 11"]
[Site "Montreal"]
[Date "2016.11.16"]
[Round "1"]
[White "Beaulieu, Pierre"]
[Black "Robidoux, Julien"]
[Result "0-1"]
[WhiteElo "1901"]
[BlackElo "1895"]
[PlyCount "136"]
[EventDate "2016.11.16"]
[EventType "swiss"]
[EventRounds "5"]
[EventCountry "CAN"]
[SourceTitle "EXT 2022"]
[Source "ChessBase"]
[SourceDate "2021.10.06"]
[SourceVersion "1"]
[SourceVersionDate "2021.10.06"]
[SourceQuality "1"]

1. Nf3 Nf6 2. b3 b6 3. Bb2 Bb7 4. e3 g6 5. Be2 Bg7 6. c4 d6 7. 0-0 0-0 8. d3 Nbd7 9. Nbd2 e5 10. Qc2 Ne8 11. d4 Qe7 12. b4 e4 13. Ne1 c5 14. Qb3 f5 15. Nc2 Rd8 16. a4 Nc7 17. a5 Ra8 18. Ra2 Ne6 19. bxc5 dxc5 20. d5 Ng5 21. axb6 axb6 22. Rxa8 Rxa8 23. Na3 Nf7 24. Nb5 Nde5 25. Re1 Nd6 26. Nc3 Qc7 27. Na4 Ra6 28. Rb1 Nd7 29. Bxg7 Kxg7 30. Rb2 Bc8 31. Nb1 Qa7 32. Bd1 Nb7 33. Qb5 Na5 34. Ra2 Qc7 35. Nd2 Ne5 36. Qe8 Nexc4 37. Nxc4 Nxc4 38. Be2 Qd7 39. Qxd7+ Bxd7 40. Nc3 Rxa2 41. Nxa2 Nd6 42. Kf1 Kf6 43. Ke1 b5 44. f4 Be8 45. Kd2 Bf7 46. Nc3 b4 47. Na4 c4 48. Nb6 c3+ 49. Kc2 Ke7 50. Kb3 Kd8 51. Bd1 Kc7 52. Na4 Bxd5+ 53. Kxb4 Nc4 54. Nxc3 Nxe3 55. Be2 Kd6 56. g3 Nc2+ 57. Ka5 Bf7 58. Bd1 Ne3 59. Be2 Kc5 60. Ka4 Be8+ 61. Kb3 Kd4 62. Ba6 Bf7+ 63. Kb2 Nc4+ 64. Kc2 Ke3 65. Kd1 Kf2 66. Ne2 Ne3+ 67. Kd2 Nf1+ 68. Kd1 Nxh2 0-1

[Event "Montreal Mercredi 10"]
[Site "Montreal"]
[Date "2016.11.09"]
[Round "5"]
[White "Gates, Claude Eric"]
[Black "Robidoux, Julien"]
[Result "0-1"]
[WhiteElo "1810"]
[BlackElo "1780"]
[PlyCount "134"]
[EventDate "2016.10.12"]
[EventType "swiss"]
[EventRounds "5"]
[EventCountry "CAN"]
[SourceTitle "EXT 2022"]
[Source "ChessBase"]
[SourceDate "2021.10.06"]
[SourceVersion "1"]
[SourceVersionDate "2021.10.06"]
[SourceQuality "1"]

1. e4 d5 2. exd5 Qxd5 3. Nf3 Nf6 4. Nc3 Qa5 5. d4 Bg4 6. Bc4 e6 7. h3 Bh5 8. Qe2 Bb4 9. Bd2 c6 10. a3 Nbd7 11. 0-0 Bxc3 12. Bxc3 Qc7 13. Bb4 a5 14. Bd2 0-0 15. g4 Bg6 16. Bg5 Ne4 17. Bh4 Qf4 18. Rad1 h5 19. Nh2 Rfe8 20. Bd3 Ndf6 21. Bxf6 gxf6 22. Qf3 Qxf3 23. Nxf3 hxg4 24. hxg4 Kg7 25. Nh4 Bh7 26. Kg2 Nd6 27. b3 Bxd3 28. Rxd3 a4 29. b4 Rad8 30. Nf3 Rd7 31. g5 Nc4 32. Rh1 fxg5 33. Nxg5 Rh8 34. Rxh8 Kxh8 35. Ne4 b5 36. Nf6 Rd8 37. f4 Kg7 38. Ng4 f6 39. Kf3 Rh8 40. Kg2 Kg6 41. Nf2 Kf5 42. Kf3 Rh4 43. Kg3 Rxf4 44. Kg2 e5 45. dxe5 fxe5 46. Rh3 e4 47. Rh5+ Ke6 48. Kg3 Rf3+ 49. Kg2 Ne3+ 50. Kg1 Rf4 51. Rc5 Kd6 52. Rg5 Nxc2 53. Rg6+ Kd5 54. Rg5+ Kd4 55. Rc5 Nxa3 56. Rxc6 e3 57. Rd6+ Ke5 58. Nd3+ Kxd6 59. Nxf4 Nc2 60. Nd3 a3 61. Nc1 Nxb4 62. Kf1 Kd5 63. Ke2 Ke4 64. Nb3 a2 65. Nc5+ Kd4 66. Nb3+ Kc3 67. Na1 Nc2 0-1

[Event "Montreal CC-ch"]
[Site "Montreal"]
[Date "2015.06.13"]
[Round "2"]
[White "Robidoux, Julien"]
[Black "Beaulieu, Pierre"]
[Result "1-0"]
[WhiteElo "1634"]
[BlackElo "1933"]
[PlyCount "87"]
[EventDate "2015.06.12"]
[EventType "swiss"]
[EventRounds "5"]
[EventCountry "CAN"]
[SourceTitle "EXT 2019"]
[Source "ChessBase"]
[SourceDate "2018.10.10"]
[SourceVersion "1"]
[SourceVersionDate "2018.10.10"]
[SourceQuality "1"]

1. b3 e5 2. Bb2 Nc6 3. e3 Nf6 4. Bb5 Bd6 5. Nc3 0-0 6. Nge2 a6 7. Bd3 b5 8. Ng3 Bb4 9. a4 Bxc3 10. Bxc3 b4 11. Bb2 d5 12. 0-0 Ng4 13. h3 Nh6 14. e4 d4 15. Qh5 Qd6 16. Rad1 Be6 17. Nf5 Nxf5 18. exf5 g6 19. Qg4 Bd5 20. h4 Rfe8 21. f3 Kg7 22. h5 Ne7 23. Rfe1 Ng8 24. hxg6 hxg6 25. fxg6 fxg6 26. Re2 Bf7 27. Rde1 Nf6 28. Qg5 Nd7 29. Be4 Rad8 30. d3 Re7 31. Bc1 Rh8 32. f4 Rh5 33. Qg3 Bd5 34. fxe5 Qe6 35. Bg5 Re8 36. Bxd5 Qxd5 37. Bf6+ Kh7 38. Qf4 Re6 39. Re4 c5 40. g4 Nxf6 41. exf6 Rxe4 42. Rxe4 Rh4 43. Re7+ Kh8 44. Qb8+ 1-0